00473nam a2200181 a 4500001001300000003000900013005001700022008004100039020000900080082001600089100002400105245002000129260004000149300000900189500003500198505002800233650003000261nice12345678IN_TiNIC20260116012911.0050524s1985 boma grp 000 0 eng  ac3400a297.4bMAN1 aManeri, Sharafuddin aHundred Letters aBombaybBetter Yourself Booksc1985 a458p aincludes index and biblioraphy2 aIndex to preface, notes aSufism-Sharafuddin Maneri